000 00187 a2200097 4500
020 _a9780062068248
041 _aeng
100 _aLaura Geringer
245 _aA three hat day
942 _cBK
999 _c10399
_d10399